000 00608nam a22001817a 4500
999 _c187105
_d187105
005 20220331144341.0
010 _aENG-132186
020 _a9788195391950
_c360.00
035 _aEN-115718
037 _bDBAD/PUB
082 _a530.02462
100 _aKiranmai, V. Lakshmi
245 _aEngineering Physics/
_cV. Lakshmi Kiranmai
260 _aHyderabad
_bSrikrishna Techno Books
_c2021
270 _a#326, III Floor, Surneni Nilayam Near B K Guda Park, S R Nagar
_mstudentshelpline.in@gmail.com
_e500038
_bHyderabad
300 _axvi, 392p.
_c24cm(pbk)
942 _2ddc
_cEN
_mKIR
_h530.02462